|
|
|
|
| LEADER |
01892nam a2200433 4500 |
| 001 |
ocn648245334 |
| 003 |
OCoLC |
| 005 |
20180501121930.0 |
| 006 |
m o d |
| 007 |
cr cn||||||||| |
| 008 |
080801s2004 maua ob 001 0 eng d |
| 040 |
|
|
|a E7B
|b eng
|e pn
|c E7B
|d OCLCQ
|d OPELS
|d OCLCQ
|d OCLCF
|d OCLCQ
|d DEBBG
|d GrThAP
|
| 020 |
|
|
|a 9780080522296
|q (electronic bk.)
|
| 020 |
|
|
|a 0080522297
|q (electronic bk.)
|
| 020 |
|
|
|a 0120066920
|q (electronic bk.)
|
| 020 |
|
|
|a 9780120066926
|q (electronic bk.)
|
| 035 |
|
|
|a (OCoLC)648245334
|
| 050 |
|
4 |
|a RC267
|b .A4592 2004eb
|
| 082 |
0 |
4 |
|a 616.99/40072
|2 22
|
| 049 |
|
|
|a TEFA
|
| 245 |
0 |
0 |
|a Advances in cancer research.
|n Volume 92 /
|c edited by George F. Vande Woude, George Klein.
|
| 260 |
|
|
|a Boston ;
|a Amsterdam :
|b Elsevier/Academic Press,
|c ©2004.
|
| 300 |
|
|
|a 1 online resource (vii, 195 pages) :
|b illustrations.
|
| 336 |
|
|
|a text
|b txt
|2 rdacontent
|
| 337 |
|
|
|a computer
|b c
|2 rdamedia
|
| 338 |
|
|
|a online resource
|b cr
|2 rdacarrier
|
| 490 |
0 |
|
|a Advances in cancer research ;
|v v. 92
|
| 504 |
|
|
|a Includes bibliographical references and index.
|
| 588 |
0 |
|
|a Print version record.
|
| 520 |
|
|
|a The Advances in Cancer Research series provides invaluable information on the exciting and fast-moving field of cancer research. This volume presents outstanding and original reviews on a variety of topics.
|
| 650 |
|
0 |
|a Cancer
|x Research.
|
| 650 |
|
0 |
|a Cancer
|x Treatment.
|
| 650 |
|
7 |
|a Cancer
|x Research.
|2 fast
|0 (OCoLC)fst00845497
|
| 650 |
|
7 |
|a Cancer
|x Treatment.
|2 fast
|0 (OCoLC)fst00845538
|
| 655 |
|
4 |
|a Electronic books.
|
| 700 |
1 |
|
|a Vande Woude, George F.
|
| 700 |
1 |
|
|a Klein, George.
|
| 776 |
0 |
8 |
|i Print version:
|t Advances in cancer research. Volume 92.
|d Boston ; Amsterdam : Elsevier/Academic Press, ©2004
|w (DLC) 52013360
|
| 856 |
4 |
0 |
|u https://www.sciencedirect.com/science/bookseries/0065230X/92
|z Full Text via HEAL-Link
|